MARC details
| 000 -LEADER |
| fixed length control field |
02567cam a2200577Ii 4500 |
| 001 - CONTROL NUMBER |
| control field |
sjds1106322 |
| 003 - CONTROL NUMBER IDENTIFIER |
| control field |
sjds |
| 005 - DATE AND TIME OF LATEST TRANSACTION |
| control field |
20240527104910.0 |
| 008 - FIXED-LENGTH DATA ELEMENTS--GENERAL INFORMATION |
| fixed length control field |
030310t20022002nyua c 000 1 spa |
| 010 ## - LIBRARY OF CONGRESS CONTROL NUMBER |
| LC control number |
2003005594 |
| 020 ## - INTERNATIONAL STANDARD BOOK NUMBER |
| International Standard Book Number |
9781930332492 (pbk.) |
| 020 ## - INTERNATIONAL STANDARD BOOK NUMBER |
| International Standard Book Number |
9781448773008 (lib. bdg. : Paw Prints) |
| 020 ## - INTERNATIONAL STANDARD BOOK NUMBER |
| International Standard Book Number |
9780613644860 |
| 035 ## - SYSTEM CONTROL NUMBER |
| System control number |
(OCoLC)51861796 |
| 035 ## - SYSTEM CONTROL NUMBER |
| System control number |
2064894 |
| 035 ## - SYSTEM CONTROL NUMBER |
| System control number |
1106322 |
| 040 ## - CATALOGING SOURCE |
| Modifying agency |
UtOrBLW |
| Transcribing agency |
sjds |
| 041 1# - LANGUAGE CODE |
| Language code of text/sound track or separate title |
spa |
| Language code of original |
eng |
| 049 ## - LOCAL HOLDINGS (OCLC) |
| Holding library |
IFAA |
| 099 ## - LOCAL FREE-TEXT CALL NUMBER (OCLC) |
| Filing suffix |
2002 |
| 100 1# - MAIN ENTRY--PERSONAL NAME |
| Personal name |
Osborne, Mary Pope, |
| Relator term |
author. |
| 240 10 - UNIFORM TITLE |
| Uniform title |
<a href="Dinosaurs before dark.">Dinosaurs before dark.</a> |
| Language of a work |
Spanish |
| 245 10 - TITLE STATEMENT |
| Title |
Dinosaurios al atardecer / |
| Statement of responsibility, etc. |
Mary Pope Osborne ; ilustrado por Sal Murdocca ; traducido por Marcela Brovelli. |
| 260 ## - PUBLICATION, DISTRIBUTION, ETC. (IMPRINT) |
| Place of publication, distribution, etc. |
New York : |
| Name of publisher, distributor, etc. |
Lectorum Publications, |
| Date of publication, distribution, etc. |
c2002 |
| 264 #1 - PRODUCTION, PUBLICATION, DISTRIBUTION, MANUFACTURE, AND COPYRIGHT NOTICE |
| Place of production, publication, distribution, manufacture |
New York : |
| Name of producer, publisher, distributor, manufacturer |
Lectorum Publications, |
| Date of production, publication, distribution, manufacture, or copyright notice |
[2002] |
| 264 #4 - PRODUCTION, PUBLICATION, DISTRIBUTION, MANUFACTURE, AND COPYRIGHT NOTICE |
| Date of production, publication, distribution, manufacture, or copyright notice |
c2002 |
| 300 ## - PHYSICAL DESCRIPTION |
| Extent |
68 pages : |
| Other physical details |
illustrations ; |
| Dimensions |
20 cm. |
| 336 ## - CONTENT TYPE |
| Content type term |
text |
| Content type code |
txt |
| Source |
rdacontent |
| 337 ## - MEDIA TYPE |
| Media type term |
unmediated |
| Media type code |
n |
| Source |
rdamedia |
| 338 ## - CARRIER TYPE |
| Carrier type term |
volume |
| Carrier type code |
nc |
| Source |
rdacarrier |
| 490 1# - SERIES STATEMENT |
| Series statement |
La casa del arbol ; |
| Volume/sequential designation |
#1 |
| 505 0# - FORMATTED CONTENTS NOTE |
| Formatted contents note |
En el bosque -- El monstruo -- Dónde estamos? -- Henry -- Oro en la hierba -- El valle de los dinosaurios -- Preparados! Listos! Ya! -- Una sombra gigante -- Un viaje inolvidable -- En casa antes del anochecer. |
| 520 ## - SUMMARY, ETC. |
| Summary, etc. |
Eight-year-old Jack and his younger sister Annie find a magic treehouse, which whisks them back to an ancient time zone where they see live dinosaurs. |
| 520 ## - SUMMARY, ETC. |
| Summary, etc. |
Jack, ocho anos de edad, y su hermana pequena Annie, encuentran una casa de arbol magica, que los lleva a una epoca antigua donde se encuentran con unos dinosaurios en vivo. |
| 526 0# - STUDY PROGRAM INFORMATION NOTE |
| Program name |
Accelerated Reader |
| Interest level |
LG |
| Reading level |
2.6 |
| Title point value |
1.0 |
| Public note |
6311SP |
| 650 #0 - SUBJECT ADDED ENTRY--TOPICAL TERM |
| Topical term or geographic name as entry element |
Dinosaurs |
| Form subdivision |
Juvenile fiction. |
| 650 #7 - SUBJECT ADDED ENTRY--TOPICAL TERM |
| Topical term or geographic name as entry element |
Dinosaurios |
| Form subdivision |
Novela juvenil. |
| Source of heading or term |
bidex |
| 650 #0 - SUBJECT ADDED ENTRY--TOPICAL TERM |
| Topical term or geographic name as entry element |
Time travel |
| Form subdivision |
Juvenile fiction. |
| 650 #7 - SUBJECT ADDED ENTRY--TOPICAL TERM |
| Topical term or geographic name as entry element |
Viaje a traves del tiempo |
| Form subdivision |
Novela juvenil. |
| Source of heading or term |
bidex |
| 650 #0 - SUBJECT ADDED ENTRY--TOPICAL TERM |
| Topical term or geographic name as entry element |
Magic |
| Form subdivision |
Juvenile fiction. |
| 650 #7 - SUBJECT ADDED ENTRY--TOPICAL TERM |
| Topical term or geographic name as entry element |
Magia |
| Form subdivision |
Novela juvenil. |
| Source of heading or term |
bidex |
| 650 #0 - SUBJECT ADDED ENTRY--TOPICAL TERM |
| Topical term or geographic name as entry element |
Tree houses |
| Form subdivision |
Juvenile fiction. |
| 650 #7 - SUBJECT ADDED ENTRY--TOPICAL TERM |
| Topical term or geographic name as entry element |
Cabanas en las arboles |
| Form subdivision |
Novela juvenil. |
| Source of heading or term |
bidex |
| 650 #7 - SUBJECT ADDED ENTRY--TOPICAL TERM |
| Topical term or geographic name as entry element |
Brujerìa |
| Form subdivision |
Novela. |
| Source of heading or term |
bidex |
| 700 1# - ADDED ENTRY--PERSONAL NAME |
| Personal name |
Murdocca, Sal, |
| Relator term |
illustrator. |
| 700 1# - ADDED ENTRY--PERSONAL NAME |
| Personal name |
Brovelli, Marcela, |
| Relator term |
translator. |
| 800 1# - SERIES ADDED ENTRY--PERSONAL NAME |
| Personal name |
Osborne, Mary Pope. |
| Title of a work |
Magic tree house series. |
| Language of a work |
Spanish ; |
| Volume/sequential designation |
book 1. |
| 856 41 - ELECTRONIC LOCATION AND ACCESS |
| Materials specified |
Table of contents |
| Uniform Resource Identifier |
<a href="http://www.loc.gov/catdir/toc/ecip041/2003005594.html">http://www.loc.gov/catdir/toc/ecip041/2003005594.html</a> |
| 942 ## - ADDED ENTRY ELEMENTS (KOHA) |
| Koha item type |
Libro/Book |
| Source of classification or shelving scheme |
Dewey Decimal Classification |